00382nas a2200133Ia 4500001000400000008004100004022001300045041001400058245005500072260003000127310001200157541002400169362005500193128151030s9999 xx 000 0 und d a214560380 aEspañol10aVida nueva: Una palabra comprometida en la iglesia aColombia : Delfín Ltda. aMensual aVarioscCompradh01 aNo. 27 (may. - jun., 2011) - No. 28 (jun.,2011)Ì